MyGZULibrary

The science inside the child : (Record no. 11009)

MARC details
000 -LEADER
fixed length control field 02511cam a2200373 i 4500
001 - CONTROL NUMBER
control field 18532845
003 - CONTROL NUMBER IDENTIFIER
control field N/A
005 - DATE AND TIME OF LATEST TRANSACTION
control field 20231103161229.0
008 - FIXED-LENGTH DATA ELEMENTS--GENERAL INFORMATION
fixed length control field 150319s2016 enk b 001 0 eng
010 ## - LIBRARY OF CONGRESS CONTROL NUMBER
LC control number 2015008872
020 ## - INTERNATIONAL STANDARD BOOK NUMBER
International Standard Book Number 9781138800663 (hardback)
020 ## - INTERNATIONAL STANDARD BOOK NUMBER
International Standard Book Number 9781138800670 (softcover)
020 ## - INTERNATIONAL STANDARD BOOK NUMBER
Canceled/invalid ISBN 9781315755328 (ebook)
022 ## - INTERNATIONAL STANDARD SERIAL NUMBER
International Standard Serial Number 9781138800670
040 ## - CATALOGING SOURCE
Original cataloging agency DLC
Language of cataloging eng
Transcribing agency DLC
Description conventions rda
Modifying agency DLC
042 ## - AUTHENTICATION CODE
Authentication code pcc
050 00 - LIBRARY OF CONGRESS CALL NUMBER
Classification number BF721
Item number MEA 2016
082 00 - DEWEY DECIMAL CLASSIFICATION NUMBER
Classification number 155.4
Edition number 23
100 1# - MAIN ENTRY--PERSONAL NAME
Personal name Meadows, Sara.
245 14 - TITLE STATEMENT
Title The science inside the child :
Remainder of title the story of what happens when we're growing up /
Statement of responsibility, etc. Sara Meadows.
264 #1 - PRODUCTION, PUBLICATION, DISTRIBUTION, MANUFACTURE, AND COPYRIGHT NOTICE
Place of production, publication, distribution, manufacture London ;
-- New York :
Name of producer, publisher, distributor, manufacturer Routledge,
Date of production, publication, distribution, manufacture, or copyright notice 2016.
300 ## - PHYSICAL DESCRIPTION
Extent vi, 200 pages ;
Dimensions 24 cm
336 ## - CONTENT TYPE
Content type term text
Source rdacontent
337 ## - MEDIA TYPE
Source rdamedia
Media type term unmediated
338 ## - CARRIER TYPE
Carrier type term volume
Source rdacarrier
504 ## - BIBLIOGRAPHY, ETC. NOTE
Bibliography, etc. note Includes bibliographical references and index.
505 ## - FORMATTED CONTENTS NOTE
Formatted contents note Cover; Title; Copyright; CONTENTS; 1 Introduction: In which I explain why this is not an advice book and why it is worth your attention; 2 Science's stories: In which we have a look at different ways of knowing; 3 Evolution: In which we pootle around in deep time and consider how evolution and children fit together; 4 Genetics and epigenesis: In which we look at why the 'language of the genome' needs interpretation; 5 Neuroscience: In which we look at the wiring and workings of children's brains.<br/>6 Psychoneuroendocrinology: In which we consider hormones, feel good factors, and other contributors to coping with stress and challenge7 Epidemiology: In which we look at what affects development (along with everything else); 8 Psychology: In which we look especially at parenting behaviour; 9 How to make things better: In which there is actually some advice; Further reading and notes to chapters; Index.
520 ## - SUMMARY, ETC.
Summary, etc. This accessible, engaging and informative book examines the different influences on child development, according to science. There is a lot of science about children, from new work in neuroscience and attachment, to evolutionary theory and genetics. This book brings it all together to see how the scientific picture compares with the everyday one we all have as parents, educators and carers.
650 #0 - SUBJECT ADDED ENTRY--TOPICAL TERM
Topical term or geographic name entry element Child psychology.
650 #0 - SUBJECT ADDED ENTRY--TOPICAL TERM
Topical term or geographic name entry element Child development.
906 ## - LOCAL DATA ELEMENT F, LDF (RLIN)
a 7
b cbc
c orignew
d 1
e ecip
f 20
g y-gencatlg
942 ## - ADDED ENTRY ELEMENTS (KOHA)
Source of classification or shelving scheme Library of Congress Classification
Koha item type Books
Classification part 721
Item part MEA
Call number prefix BF
Holdings
Withdrawn status Lost status Source of classification or shelving scheme Damaged status Not for loan Collection code Home library Current library Shelving location Date acquired Source of acquisition Total Checkouts Full call number Barcode Date last seen Copy number Price effective from Koha item type
    Library of Congress Classification     Non-fiction City Campus Library City Campus Library General Stacks 11/03/2023 Donation   BF721MEA 2016 032917 11/03/2023 c.1 11/03/2023 Books